000 00379nam a2200169Ia 4500
008 170705s9999 xx 000 0 und d
020 _a9780439339094
245 _aStone soup /
245 _cJon J. Muth.
260 _aNew York :
260 _bScholastic,
260 _c2003
300 _aunpaged :
300 _bcolor illustration ;
300 _c24cm.
500 _a480
999 _c336768
_d336768